000
00296 a2200157 4500
001
173504
020
_a
040
_c
Magnum
100
_a
Iacocca, Liliana
240
1
0
_a
Papagaiada
_l
por
245
1
0
_a
Papagaiada
362
0
_a
1899
440
1
_a
Ática
697
_a
I/GERAL
942
_c
BK
999
_c
173504
_d
173504